| 000 | 00860 a2200253 4500 | ||
|---|---|---|---|
| 003 | OSt | ||
| 005 | 20180116192349.0 | ||
| 008 | 120601t xxu||||| |||| 00| 0 eng d | ||
| 020 | _a0582301548 | ||
| 020 | _a0470219629 (U.S.A.) | ||
| 040 | _c0 | ||
| 082 | 0 | 4 | _a307.1216 |
| 100 | 1 |
_aMorris, A. E. J _93331 |
|
| 245 | 1 | 0 |
_aHistory of urban form : _bbefore the industrial revolutions / _cA.E.J. Morris. |
| 250 | _a3rd ed. | ||
| 260 |
_aNew York : _bLongman Scientific & Technical ; _c1994. |
||
| 300 |
_axii, 444 p. : _bill., maps ; _c25 cm. |
||
| 500 | _aIncludes bibliographical references and index. | ||
| 650 | 1 | 0 |
_aCity planning _xHistory. _93332 |
| 650 | 1 | 0 |
_aCities and towns, Ancient. _93333 |
| 650 | 1 | 0 |
_aCities and towns, Medieval. _93334 |
| 942 |
_aSADA _cBK _k307.1216 MOR 1994 _2ddc |
||
| 999 |
_c352871 _d352871 |
||